000 00612nam a2200193 4500
001 116554
003 ES-MaACL
005 20240420063042.0
007 t|
008 061121s1971 sp r ||||1| spa d
100 1 _aOtero, Blas de,
_d1916-1979
_987879
245 1 0 _aPaís
_b: antología : 1955-1970 /
_cBlas de Otero ; selección y prólogo de José Luis Cano.
250 _a1ª. ed.
260 _aBarcelona :
_bPlaza & Janés,
_c1971.
300 _a158 p. :
_bil. ;
_c19 cm.
700 1 _aCano, José Luis,
_d1912-1999
_934532
852 _aES-MaACL
_jC-45312
_bR.79267
999 _c116554
_d116554